Evaluation of organic scheme (Record no. 66781)
[ view plain ]
| 000 -LEADER | |
|---|---|
| fixed length control field | 00675cam a2200181 4500 |
| 001 - CONTROL NUMBER | |
| control field | WB3716-25 |
| 008 - FIXED-LENGTH DATA ELEMENTS--GENERAL INFORMATION | |
| fixed length control field | 000000n2001 000 0 eng u |
| 035 ## - SYSTEM CONTROL NUMBER | |
| System control number | (Sirsi) u112137 |
| 245 ## - TITLE STATEMENT | |
| Title | Evaluation of organic scheme |
| 260 ## - PUBLICATION, DISTRIBUTION, ETC. | |
| Date of publication, distribution, etc. | 2001 |
| 490 ## - SERIES STATEMENT | |
| Series statement | Farmers Guardian |
| Volume/sequential designation | 13 April 2001, 26(1) |
| 520 ## - SUMMARY, ETC. | |
| Summary, etc. | Government has agreed to an independent evaluation of the Organic Farming Scheme, but disappointed campaigners by declining to back an organic action plan. Outlines key points of MAFF's response to the agriculture select committee report. |
| 590 ## - LOCAL NOTE (RLIN) | |
| Local note | WB |
| 650 ## - SUBJECT ADDED ENTRY--TOPICAL TERM | |
| Topical term or geographic name entry element | ORGANIC FARMING SCHEME |
| 650 ## - SUBJECT ADDED ENTRY--TOPICAL TERM | |
| Topical term or geographic name entry element | ORGANIC FARMING |
| 690 ## - LOCAL SUBJECT ADDED ENTRY--TOPICAL TERM (OCLC, RLIN) | |
| Topical term or geographic name as entry element | Rural |
| 9 (RLIN) | 6268 |
| 942 ## - ADDED ENTRY ELEMENTS (KOHA) | |
| Suppress in OPAC | 0 |
| Withdrawn status | Lost status | Source of classification or shelving scheme | Damaged status | Not for loan | Home library | Current library | Shelving location | Date acquired | Total Checkouts | Full call number | Barcode | Date last seen | Copy number | Price effective from | Koha item type |
|---|---|---|---|---|---|---|---|---|---|---|---|---|---|---|---|
| Dewey Decimal Classification | London | London | News article | 24/04/2001 | WB3716-25 | 112137-1001 | 06/08/2019 | 1 | 06/08/2019 | News article |